000 00767nam a2200241Ia 4500
003 OSt
005 20220926022330.0
006 a|||||r|||| 00| 0
007 ta
008 220923b |||||||| |||| 00| 0 eng d
037 _cGeneral Book
040 _aRTL
_cRTL
_beng
041 _2eng
_aeng
082 _aX622.1(X).N8, M4/UN
110 _aUnited nations Conference on Trade and Development
_922209
245 0 _aMultilateral development finance institutions of d
260 _aNew York
_bUnited Nations U S A
_c1984
300 _avii, 165p.
_ccm.
650 _aFederal Reserve Banks
700 _aUnited nations Conference on Trade and Development
_922210
942 _hX622.1(X).N8, M4/UN
_cGB
_2CC
999 _c639189
_d639189